Naive lie theory (Record no. 134813)

MARC details
000 -LEADER
fixed length control field 00354nam a2200145Ia 4500
008 - FIXED-LENGTH DATA ELEMENTS--GENERAL INFORMATION
fixed length control field 230917s9999||||xx |||||||||||||| ||und||
040 ## - CATALOGING SOURCE
-- 207501
Original cataloging agency VIVEKANANDA LIBRARY
041 ## - Language
-- English
082 ## - DDC NUMBER
Classification number 512.482 S54N
100 ## - MAIN ENTRY--PERSONAL NAME
Personal name Stillwell, John
245 #0 - TITLE STATEMENT
Title Naive lie theory
260 ## - PUBLICATION, DISTRIBUTION, ETC. (IMPRINT)
Place of publication, distribution, etc New Delhi
Name of publisher, distributor, etc Springer (India)
Date of publication, distribution, etc 2011
300 ## - PHYSICAL DESCRIPTION
Pages xii, 217 p.
942 ## - ADDED ENTRY ELEMENTS (KOHA)
Koha item type Books
Holdings
Withdrawn status Lost status Damaged status Not for loan Location (home branch) Sublocation or collection (holding branch) Date acquired Koha issues (times borrowed) Koha full call number Accession No. Koha date last seen Koha item type
        VIVEKANANDA LIBRARY VIVEKANANDA LIBRARY 08/07/2013   512.482 S54N 234580 17/09/2023 Books
© Designed and Maintained by Vivekananda Library, MDU Rohtak